000 00559cam a22002174a 4500
005 20250605164259.0
008 250528s ||||||||||||||||||||||||d
035 _a21998
020 _a9780324585889
040 _aGR-AtMCL
_bgre
_dGR-AtMCL
_eAACR2
245 1 _aBUSINESS STRATEGY: THEORY AND CASES
250 _a2
260 _bSouth-Western Publishing Co,
_c2008
300 _a200
700 1 _aHitt Michael A
_92762
700 1 _aHoskisson Robert E
_94208
700 1 _aIreland Duane R
_91301
942 _cBK
999 _c7054
_d7054